| 000 | 00610nam a2200229 i 4500 | ||
|---|---|---|---|
| 001 | bgj | ||
| 100 | 1 | _aMÖNKEMEYER, Karin. | |
| 245 | 1 | 0 |
_aSpiele mit Tiefgang : _bsich selbst und andere erkennen / _cKarin Mönkemeyer. |
| 260 |
_aReinbek bei Hamburg : _bRowohlt, _c1992. |
||
| 300 |
_a126 s. : _bil. ; _c19 cm. |
||
| 490 | 1 |
_aSpiel und Freizeit _v1280 |
|
| 650 | 9 | _aPsychologia | |
| 830 | _aSpiel und Freizeit | ||
| 020 | _a3499189135 | ||
| 040 | _cBPK | ||
| 041 | 0 | _ager | |
| 044 | _aDEU | ||
| 080 | _a159.9 | ||
| 920 | _a3-499-18913-5 | ||
| 942 | _cKS | ||
| 008 | s gw f |000 0 ger | ||
| 999 |
_c50709 _d50709 |
||
| 856 |
_uhttp://koha.tu.koszalin.pl/cgi-bin/koha/opac-detail.pl?biblionumber=50709 _yKatalog online BPK |
||